| 000 | 01138nam a22003377a 4500 | ||
|---|---|---|---|
| 003 | CHAP | ||
| 005 | 20220329140514.0 | ||
| 008 | 971013s r 00010 d | ||
| 010 | _a52995 | ||
| 011 | _a53967 | ||
| 035 | _a58117 | ||
| 040 | _cCHAP | ||
| 082 |
_a598.2 _bS35 |
||
| 100 | 0 | 0 |
_aSánchez Prieto, Armando. _9107770 |
| 245 | _aManual práctico de enfermedades de las aves | ||
| 260 |
_a(La Habana) : _bMinisterio de Educación Superior, _c(s.a.) |
||
| 300 |
_a115 p. _b: ilus. |
||
| 490 | _aApuntes para un libro de texto | ||
| 590 |
_aBATCH-UPD _b10 _c20130110 _lUCH01 _h0352 |
||
| 590 |
_aBATCH-UPD _b10 _c20130110 _lUCH01 _h2015 |
||
| 590 |
_aBATCH-UPD _b10 _c20130410 _lUCH01 _h0025 |
||
| 590 |
_aBATCH-UPD _b10 _c20130914 _lUCH01 _h0437 |
||
| 590 |
_aCONVERSION _b10 _c20130109 _lUCH01 _h1329 |
||
| 650 | 1 | 4 |
_aAves _xEnfermedades. _98604 |
| 650 | 1 | 4 |
_aAves _xEnfermedades _xManuales de laboratorio. _98605 |
| 700 | 0 |
_aLamazares Pérez, María del Carmen. _964542 |
|
| 830 | 0 |
_aApuntes para un libro de texto _96389 |
|
| 901 | _aBK | ||
| 942 | _cLIBRO | ||
| 949 |
_a598.2 S35 _bBC _cLIBRO _d33724000366746 _eLIBRO _h63317 _i58117 _si |
||
| 999 |
_c52995 _d52995 |
||